000 00391nam a22001697a 4500
005 20230620105951.0
008 230524b |||||||| |||| 00| 0 eng d
020 _a9781435428362
082 _a620.0023
_bHAN-P
100 _aHandley;Brett.A
245 _aPrinciples of Engineering
260 _c2012
300 _a504
650 _aEngineering
700 _aBrett;Handley
999 _c18518
_d18518